Statistics for MLB Teams By Opposites

Click here to take the quiz!

General Stats

  • This quiz has been taken 24 times
  • The average score is 19 of 30

Answer Stats

OppositeTeam% Correct
Green ShoesRed Sox
95%
Z'sA's
90%
DevilsAngels
85%
MidgetsGiants
85%
MadresPadres
85%
DogsTigers
80%
Black ShoesWhite Sox
80%
ThrowersDodgers
75%
SongbirdsOrioles
75%
GreensReds
75%
Only ChildsTwins
75%
Yellow HawksBlue Jays
70%
CowardsBraves
65%
CirclebellysDiamondbacks
65%
RuralsMets
65%
BirdsMarlins
60%
EldersCubs
55%
EscapeesGuardians
55%
DriversMariners
55%
SmoothiesRockies
55%
RebelsYankees
55%
GeosAstros
50%
NaviesPirates
50%
VolunteersRangers
50%
PeasantsRoyals
50%
InsignificantsCardinals
45%
LocalsNationals
45%
CheckersBrewers
40%
SeattleitesPhillies
40%
SegmentsRays
35%

Score Distribution

Percentile by Number Answered

Percent of People with Each Score

Your Score History

You have not taken this quiz